<?xml version="1.0" encoding="UTF-8"?>
<record
    xmlns:xsi="http://www.w3.org/2001/XMLSchema-instance"
    xsi:schemaLocation="http://www.loc.gov/MARC21/slim http://www.loc.gov/standards/marcxml/schema/MARC21slim.xsd"
    xmlns="http://www.loc.gov/MARC21/slim">

  <leader>00493nam a22001457a 4500</leader>
  <controlfield tag="005">20180212103930.0</controlfield>
  <controlfield tag="008">180212b        xxu||||| |||| 00| 0 eng d</controlfield>
  <datafield tag="040" ind1=" " ind2=" ">
    <subfield code="c">PK-LaUMT</subfield>
  </datafield>
  <datafield tag="082" ind1=" " ind2=" ">
    <subfield code="a">PKAC 297.09</subfield>
    <subfield code="b">TAQ-L</subfield>
  </datafield>
  <datafield tag="100" ind1=" " ind2=" ">
    <subfield code="a">Taqi Amini , Muhammad</subfield>
  </datafield>
  <datafield tag="245" ind1=" " ind2=" ">
    <subfield code="a">La mazhabi daur ka tareekhi pas e manzar(&#x644;&#x627; &#x645;&#x632;&#x6C1;&#x628;&#x6CC; &#x62F;&#x648;&#x631; &#x6A9;&#x627; &#x62A;&#x627;&#x631;&#x6CC;&#x62E;&#x6CC; &#x67E;&#x633; &#x645;&#x646;&#x638;&#x631;)</subfield>
    <subfield code="c">Muhammad Taqi Amini</subfield>
  </datafield>
  <datafield tag="260" ind1=" " ind2=" ">
    <subfield code="a">&#x6A9;&#x631;&#x627;&#x686;&#x6CC;:</subfield>
    <subfield code="b">&#x686;&#x648;&#x6BE;&#x62F;&#x631;&#x6CC; &#x637;&#x627;&#x631;&#x642; &#x627;&#x642;&#x628;&#x627;&#x644; &#x6AF;&#x627;&#x6C1;&#x646;&#x62F;&#x631;&#x6CC;</subfield>
    <subfield code="c">1987</subfield>
  </datafield>
  <datafield tag="300" ind1=" " ind2=" ">
    <subfield code="a">175</subfield>
  </datafield>
  <datafield tag="942" ind1=" " ind2=" ">
    <subfield code="c">BK</subfield>
  </datafield>
  <datafield tag="999" ind1=" " ind2=" ">
    <subfield code="c">102992</subfield>
    <subfield code="d">102992</subfield>
  </datafield>
  <datafield tag="952" ind1=" " ind2=" ">
    <subfield code="0">0</subfield>
    <subfield code="1">0</subfield>
    <subfield code="4">0</subfield>
    <subfield code="7">0</subfield>
    <subfield code="a">01</subfield>
    <subfield code="b">01</subfield>
    <subfield code="d">2018-02-12</subfield>
    <subfield code="l">0</subfield>
    <subfield code="o">PKAC 297.09 TAQ-L</subfield>
    <subfield code="p">119096</subfield>
    <subfield code="r">2018-02-12 00:00:00</subfield>
    <subfield code="w">2018-02-12</subfield>
    <subfield code="y">BK</subfield>
  </datafield>
</record>
